[Event "Mechanics' Winter TNM; 30/90, SD/30"]
[Site "San Francisco"]
[Date "2009.01.27"]
[Round "4.20"]
[White "Milliken, William"]
[Black "Reyes, Edsel Delos"]
[Result "1-0"]
[WhiteElo "1657"]
[BlackElo "1487"]
[PlyCount "35"]
[EventDate "2009.??.??"]

1. e4 c5 2. d4 cxd4 3. c3 Nc6 4. cxd4 d5 5. e5 Qb6 6. Ne2 e6 7. a3 Nge7 8. Nd2
Nf5 9. Nf3 Bd7 10. g3 g6 11. Bh3 Nce7 12. O-O Bg7 13. b4 O-O 14. g4 Nh6 15. Bg5
f6 16. exf6 Rxf6 17. Bxf6 Bxf6 18. g5 1-0

[Event "Mechanics' Spring TNM; 30/90, SD/30"]
[Site "San Francisco"]
[Date "2009.04.07"]
[Round "4.13"]
[White "Milliken, William"]
[Black "Rudzevich, Brian"]
[Result "1-0"]
[WhiteElo "1692"]
[BlackElo "976"]
[PlyCount "67"]
[EventDate "2009.??.??"]

1. e4 e5 2. Nf3 d6 3. d4 exd4 4. Nxd4 g6 5. Bc4 Qf6 6. O-O Bg7 7. Be3 a6 8. c3
Bd7 9. Nd2 Ne7 10. f4 Bh6 11. Qf3 Nbc6 12. Rae1 O-O-O 13. b4 Rhg8 14. Qe2 Be6
15. a4 Bxc4 16. Nxc4 Nxd4 17. cxd4 Qe6 18. Qc2 d5 19. f5 Bxe3+ 20. Rxe3 Qc6 21.
f6 dxc4 22. fxe7 Rde8 23. Rxf7 h5 24. d5 Qb6 25. Kf2 Kd7 26. Qxc4 Rxe7 27.
Rxe7+ Kxe7 28. d6+ Kf8 29. dxc7 Kg7 30. Qxg8+ Kxg8 31. c8=Q+ Kh7 32. Qc5 Qf6+
33. Rf3 Qh4+ 34. Kg1 1-0

[Event "Mechanics' Summer TNM; 30/90, SD/30"]
[Site "San Francisco"]
[Date "2009.06.09"]
[Round "3.27"]
[White "Milliken, William"]
[Black "Star, Spencer"]
[Result "1-0"]
[WhiteElo "1702"]
[BlackElo "1123"]
[PlyCount "43"]
[EventDate "2009.??.??"]

1. e4 d5 2. exd5 Qxd5 3. Nc3 Qd6 4. d4 Nf6 5. Nf3 a6 6. g3 Nc6 7. Bf4 Qd7 8.
Bg2 e6 9. O-O Bd6 10. Ne5 Bxe5 11. dxe5 Qxd1 12. Raxd1 Nd7 13. Bxc6 bxc6 14.
Ne4 O-O 15. Rd2 Nb6 16. b3 Bb7 17. Nc5 Rab8 18. Rfd1 Nd5 19. c4 Nxf4 20. gxf4
Ba8 21. Nd7 Rbd8 22. Nxf8 1-0

[Event "Mechanics' Wilkerson Mem TNM; 30/90, SD"]
[Site "San Francisco"]
[Date "2009.08.11"]
[Round "2.25"]
[White "Molinari, Rory"]
[Black "Chan, John"]
[Result "0-1"]
[WhiteElo "1252"]
[BlackElo "1697"]
[PlyCount "64"]
[EventDate "2009.??.??"]

1. e4 c5 2. Nf3 Nc6 3. Bc4 e6 4. Nc3 a6 5. d4 cxd4 6. Nxd4 Ne5 7. Qe2 b5 8. Bd3
Bb7 9. O-O Bc5 10. Nf3 Ng6 11. Be3 Bxe3 12. Qxe3 N8e7 13. Rad1 O-O 14. Rfe1 Qc7
15. Rd2 Rad8 16. e5 b4 17. Ne2 Nd5 18. Qg5 Qa5 19. Rdd1 Qb6 20. Ng3 Ndf4 21.
Bxg6 Nxg6 22. Nh5 Bxf3 23. Nf6+ gxf6 24. exf6 Kh8 25. gxf3 Qc6 26. Kg2 Rg8 27.
Rd4 Nf4+ 28. Rxf4 Rxg5+ 29. Kf1 Rdg8 30. Rg4 Qxf3 31. Re3 Qh1+ 32. Ke2 Rxg4 0-1

[Event "Mechanics' Wilkerson Mem TNM; 30/90, SD"]
[Site "San Francisco"]
[Date "2009.09.01"]
[Round "5.23"]
[White "Molinari, Rory"]
[Black "Litowsky, Daniel"]
[Result "1-0"]
[WhiteElo "1252"]
[BlackElo "1705"]
[PlyCount "51"]
[EventDate "2009.??.??"]

1. e4 e5 2. Nf3 Nc6 3. Bc4 Be7 4. d4 exd4 5. Nxd4 Ne5 6. b3 Nxc4 7. bxc4 d6 8.
Bb2 Nf6 9. Nd2 O-O 10. O-O Bg4 11. Qe1 Re8 12. Qe3 h6 13. Rfe1 Nd7 14. Qg3 Bh5
15. Ne6 Bf6 16. Nxd8 Bxb2 17. Rab1 Be5 18. Qh3 Nf6 19. Nxb7 Bg4 20. Qd3 Re6 21.
c5 Nd7 22. cxd6 cxd6 23. Nc4 Rg6 24. Nbxd6 Nc5 25. Qd5 Bxd6 26. Qxa8+ 1-0

[Event "Mechanics' Wilkerson Mem TNM; 30/90, SD"]
[Site "San Francisco"]
[Date "2009.09.22"]
[Round "8.22"]
[White "Molinari, Rory"]
[Black "Morgan, Jerry"]
[Result "1-0"]
[WhiteElo "1252"]
[BlackElo "1414"]
[PlyCount "121"]
[EventDate "2009.??.??"]

1. e4 c6 2. d4 d5 3. Nc3 dxe4 4. Nxe4 Bf5 5. Bd3 Bxe4 6. Bxe4 Nf6 7. Qd3 Qc7 8.
Nf3 Nbd7 9. O-O O-O-O 10. b4 e6 11. a3 h6 12. Bb2 Nb6 13. c4 Nh5 14. Ne5 Na4
15. Rab1 Bd6 16. Qb3 Bxe5 17. dxe5 Nb6 18. c5 Nd5 19. Bxd5 Rxd5 20. Rbd1 Rhd8
21. Rxd5 Rxd5 22. Rd1 Nf4 23. g3 Rxd1+ 24. Qxd1 Nd5 25. Kf1 Qe7 26. Qg4 g5 27.
h4 gxh4 28. gxh4 Qf8 29. Bc1 Qh8 30. Qh5 Qh7 31. Qxh6 Qd3+ 32. Kg1 Qg6+ 33. Bg5
Qg8 34. h5 Kc7 35. Kf1 b6 36. Bf6 bxc5 37. Qh8 Qxh8 38. Bxh8 c4 39. Ke1 Kb6 40.
h6 Kb5 41. h7 Nf4 42. Bg7 Ng6 43. Bh6 c3 44. Ke2 Kc4 45. Kf3 Kd4 46. Be3+ Kd3
47. Kg4 Ke4 48. Kg5 Kxe5 49. Kh6 Kd6 50. Kg7 Ke7 51. Bg5+ Ke8 52. h8=Q+ Nxh8
53. Kxh8 c2 54. Kg7 Kd7 55. Kf6 Kd6 56. Bc1 c5 57. bxc5+ Kxc5 58. Ke5 a5 59. f4
a4 60. Kf6 Kc4 61. Kxf7 1-0

[Event "Mechanics' Fall TNM; 30/90, SD/30"]
[Site "San Francisco"]
[Date "2009.12.08"]
[Round "8.29"]
[White "Montoya, Daniel"]
[Black "Capdeville, Barry"]
[Result "1/2-1/2"]
[WhiteElo "1228"]
[BlackElo "1131"]
[PlyCount "61"]
[EventDate "2009.??.??"]

1. e4 e5 2. Nf3 Nf6 3. Nxe5 d6 4. Nxf7 Kxf7 5. d4 c5 6. dxc5 Qa5+ 7. Nc3 Qxc5
8. Be3 Qc7 9. Nb5 Qc6 10. Nxa7 Qe8 11. Nb5 Qd7 12. Bc4+ d5 13. exd5 Bd6 14. O-O
Re8 15. Qf3 Kg8 16. Nxd6 Qxd6 17. Bf4 Qc5 18. Bb3 Bg4 19. Qg3 Qc8 20. h3 Nh5
21. Qxg4 Qxg4 22. hxg4 Nxf4 23. c4 Nd7 24. Bc2 Ne5 25. b3 Nxg4 26. Bf5 Ne5 27.
g3 Ne2+ 28. Kg2 Nd4 29. Be4 Nxc4 30. Bxh7+ Kxh7 31. bxc4 1/2-1/2

[Event "Mechanics' Wilkerson Mem TNM; 30/90, SD"]
[Site "San Francisco"]
[Date "2009.09.15"]
[Round "7.17"]
[White "Montoya, Daniel"]
[Black "Hack, Richard"]
[Result "1/2-1/2"]
[WhiteElo "1082"]
[BlackElo "1708"]
[PlyCount "62"]
[EventDate "2009.??.??"]

1. e4 e5 2. Nf3 Nc6 3. d4 exd4 4. Nxd4 Qh4 5. Nc3 Bc5 6. Be3 Nf6 7. Nf5 Qg4 8.
Qxg4 Nxg4 9. Bxc5 d6 10. h3 Nge5 11. Be3 O-O 12. Bd3 Be6 13. Nd4 Nxd4 14. Bxd4
Nc6 15. Be3 a6 16. O-O Rfe8 17. f4 Bd7 18. Rae1 b5 19. Nd5 Rac8 20. Bd2 Nd8 21.
Bc3 c6 22. Nb6 Rc7 23. Nxd7 Rxd7 24. e5 d5 25. Bf5 Rc7 26. Bg4 c5 27. Bh5 Rce7
28. Bf3 Nb7 29. Bd2 d4 30. Bxb7 Rxb7 31. f5 Rbe7 {
Both scoresheets are indeciperable at this point. Black drew in 64 moves.}
1/2-1/2

[Event "Mechanics' Fall TNM; 30/90, SD/30"]
[Site "San Francisco"]
[Date "2009.11.17"]
[Round "5.22"]
[White "Montoya, Daniel"]
[Black "Standen, Julian"]
[Result "0-1"]
[WhiteElo "1228"]
[BlackElo "1716"]
[PlyCount "90"]
[EventDate "2009.??.??"]

1. e4 c6 2. d4 d5 3. f3 e6 4. Nc3 Bb4 5. a3 Ba5 6. Bd3 Ne7 7. Nge2 Nd7 8. Be3
O-O 9. O-O a6 10. e5 Bb6 11. Na4 Bc7 12. c3 b5 13. Nc5 Nxc5 14. dxc5 Bxe5 15.
Qc2 g6 16. Bh6 Bg7 17. Bf4 e5 18. Bg5 Qc7 19. Qd2 Be6 20. b4 f6 21. Bh6 Bf5 22.
Be3 Bxd3 23. Qxd3 a5 24. Bf2 axb4 25. cxb4 f5 26. Ra2 e4 27. fxe4 fxe4 28. Qh3
Qc8 29. Qb3 Qb7 30. Ng3 Kh8 31. Ne2 Nf5 32. g4 Nh6 33. h3 Nf7 34. Nd4 Ng5 35.
Kg2 Nf3 36. Nxf3 Rxf3 37. Qc2 Qf7 38. Re1 Raxa3 39. Rxa3 Rxa3 40. Qc1 Rf3 41.
Re2 h5 42. Qg5 hxg4 43. hxg4 Qf6 44. Qc1 Qf4 45. Qh1+ Qh6 0-1

[Event "Mechanics' Fall TNM; 30/90, SD/30"]
[Site "San Francisco"]
[Date "2009.11.03"]
[Round "3.26"]
[White "Montoya, Daniel"]
[Black "Trestor, David"]
[Result "0-1"]
[WhiteElo "1228"]
[BlackElo "1656"]
[PlyCount "116"]
[EventDate "2009.??.??"]

1. e4 c5 2. d4 cxd4 3. c3 dxc3 4. Nxc3 Nc6 5. Nf3 g6 6. Bc4 e6 7. O-O Bg7 8.
Nb5 a6 9. Nd6+ Ke7 10. Bf4 b5 11. Bb3 Kf8 12. Nxc8 Rxc8 13. Bd6+ Nge7 14. Qd2
f6 15. Qf4 Na5 16. Bd1 Nc4 17. e5 Nxd6 18. exf6 Nef5 19. fxg7+ Kxg7 20. g4 Rc4
21. Qe5+ Qf6 22. Qxf6+ Kxf6 23. gxf5 gxf5 24. Bb3 Rg4+ 25. Kh1 Ne4 26. Bc2 Rc8
27. Bxe4 Rxe4 28. Rac1 Rec4 29. Rxc4 Rxc4 30. Kg1 Rc2 31. Rb1 d5 32. Kf1 e5 33.
Ke1 d4 34. Nd2 a5 35. f3 a4 36. a3 Ke6 37. h3 Kd5 38. b3 axb3 39. Rxb3 Rc1+ 40.
Kf2 Kc5 41. Rb1 Rc2 42. Ke1 Rc3 43. Kd1 Rxa3 44. Rc1+ Kd5 45. Rc7 d3 46. Rxh7
Ra1+ 47. Nb1 Rxb1+ 48. Kd2 e4 49. fxe4+ fxe4 50. Rd7+ Ke6 51. Rd8 Rb2+ 52. Kc1
Rh2 53. Rb8 Rxh3 54. Rxb5 e3 55. Rb1 Rh1+ 56. Kb2 Rxb1+ 57. Kxb1 e2 58. Kc1
e1=Q+ 0-1

[Event "Mechanics' Spring TNM; 30/90, SD/30"]
[Site "San Francisco"]
[Date "2009.05.05"]
[Round "8.23"]
[White "Morgan, Jerry"]
[Black "Allen, Tom"]
[Result "1-0"]
[WhiteElo "1420"]
[BlackElo "1570"]
[PlyCount "44"]
[EventDate "2009.??.??"]

1. f4 e5 2. fxe5 d6 3. exd6 Bxd6 4. Nf3 g5 5. g3 g4 6. Nh4 Bd7 7. d4 Nf6 8. Qd3
Nc6 9. c3 Qe7 10. Nf5 Bxf5 11. Qxf5 h5 12. Bg2 Nd7 13. Bg5 f6 14. Bh4 Nd8 15.
Nd2 c6 16. Ne4 Rh6 17. Nxd6+ Qxd6 18. O-O Qe7 19. e4 Qe6 20. Qa5 b5 21. Qc7 Qf7
22. Qf4 Ne6 1-0

[Event "Mechanics' Winter TNM; 30/90, SD/30"]
[Site "San Francisco"]
[Date "2009.02.10"]
[Round "6.25"]
[White "Morgan, Jerry"]
[Black "Delgersaikhan, Amartuvshin"]
[Result "0-1"]
[WhiteElo "1393"]
[BlackElo "1627"]
[PlyCount "75"]
[EventDate "2009.??.??"]

1. f4 d5 2. Nf3 c5 3. d3 Nf6 4. g3 Nc6 5. Bg2 g6 6. O-O Bg7 7. Qe1 Nd7 8. e4
Nd4 9. Na3 dxe4 10. dxe4 Nxf3+ 11. Rxf3 Bd4+ 12. Kh1 b6 13. e5 Bb7 14. Rd3
Bxg2+ 15. Kxg2 Nf8 16. Qe4 Ne6 17. Qc6+ Kf8 18. c3 Rc8 19. Qe4 c4 20. Rd2 Nc5
21. Qf3 Nd3 22. cxd4 Ne1+ 23. Kf2 Nxf3 24. Kxf3 Qd5+ 25. Ke3 e6 26. Rd1 b5 27.
Bd2 Kg7 28. Bb4 Rhd8 29. Rd2 Ra8 30. h4 h5 31. Bc5 Rdb8 32. Nc2 a5 33. Ne1 b4
34. Nf3 a4 35. Rg2 a3 36. Rb1 axb2 37. Rbxb2 Ra3+ 38. Kf2 0-1

[Event "Mechanics' Summer TNM; 30/90, SD/30"]
[Site "San Francisco"]
[Date "2009.06.16"]
[Round "4.17"]
[White "Morgan, Jerry"]
[Black "Jones, James"]
[Result "0-1"]
[WhiteElo "1406"]
[BlackElo "2030"]
[PlyCount "72"]
[EventDate "2009.??.??"]

1. f4 e5 2. fxe5 d6 3. exd6 Bxd6 4. Nf3 Bg4 5. e4 Nd7 6. d4 c5 7. c3 cxd4 8.
cxd4 Qa5+ 9. Nbd2 Qh5 10. Qb3 Bg3+ 11. Kd1 Ne7 12. Qb5 Qh6 13. Qd3 O-O 14. Nc4
Bf4 15. Bxf4 Qxf4 16. Qe3 Qf6 17. Kd2 h6 18. Rc1 Rad8 19. Bd3 Nc6 20. e5 Qe6
21. b3 Bxf3 22. gxf3 Qd5 23. Rhg1 f5 24. Qxh6 Rf7 25. Nd6 Ndxe5 26. Nxf7 Nxf3+
27. Ke2 Nxg1+ 28. Rxg1 Nxd4+ 29. Kd1 Qf3+ 30. Ke1 Nc2+ 31. Kd2 Rxd3+ 32. Kc1
Rd1+ 33. Kb2 Rxg1 34. Qe6 Kh7 35. Qe8 Qe3 36. Ne5 Qd4+ 0-1

[Event "Mechanics' Wilkerson Mem TNM; 30/90, SD"]
[Site "San Francisco"]
[Date "2009.09.15"]
[Round "7.19"]
[White "Morgan, Jerry"]
[Black "Litowsky, Daniel"]
[Result "0-1"]
[WhiteElo "1414"]
[BlackElo "1705"]
[PlyCount "50"]
[EventDate "2009.??.??"]

1. f4 c5 2. Nf3 Nc6 3. e4 d6 4. Be2 Nf6 5. d3 g6 6. O-O Bg7 7. a4 b6 8. Na3 O-O
9. Qe1 Bb7 10. Nh4 Qd7 11. f5 Nd4 12. Bd1 a6 13. Nc4 Qc7 14. a5 b5 15. Nb6 Rae8
16. c3 Nc6 17. Bf4 Nxa5 18. Rxa5 Qxb6 19. Ra3 Nd7 20. Qg3 b4 21. fxg6 hxg6 22.
Nxg6 fxg6 23. Qxg6 Rf7 24. Bb3 d5 25. Raa1 Qxg6 0-1

[Event "Mechanics' Spring TNM; 30/90, SD/30"]
[Site "San Francisco"]
[Date "2009.04.21"]
[Round "6.22"]
[White "Morgan, Jerry"]
[Black "Livschitz, Jennifer"]
[Result "0-1"]
[WhiteElo "1420"]
[BlackElo "1681"]
[PlyCount "80"]
[EventDate "2009.??.??"]

1. f4 d5 2. Nf3 Nc6 3. e3 Nf6 4. Bb5 Bf5 5. b3 e6 6. Bb2 a6 7. Bxc6+ bxc6 8.
O-O c5 9. d3 Bd6 10. Ne5 O-O 11. Nd2 Bxe5 12. Bxe5 Ng4 13. Qe1 Nxe5 14. fxe5
Qg5 15. Nf3 Qh5 16. Qh4 Bg4 17. Qg3 Bxf3 18. Rxf3 a5 19. Qf4 f6 20. Raf1 Qxe5
21. Qxe5 fxe5 22. c4 Rxf3 23. Rxf3 Rf8 24. Kf2 Rxf3+ 25. gxf3 Kf7 26. Kg3 Kf6
27. Kg4 g6 28. e4 c6 29. Kh4 h6 30. Kg4 Ke7 31. a4 Kf6 32. h4 h5+ 33. Kg3 g5
34. Kh3 gxh4 35. Kxh4 Kg6 36. Kh3 Kg5 37. Kg3 h4+ 38. Kh3 d4 39. Kg2 Kf4 40.
Kh3 Ke3 0-1

[Event "Mechanics' Wilkerson Mem TNM; 30/90, SD"]
[Site "San Francisco"]
[Date "2009.08.11"]
[Round "2.24"]
[White "Morgan, Jerry"]
[Black "MacIntyre, Brendan"]
[Result "0-1"]
[WhiteElo "1414"]
[BlackElo "1703"]
[PlyCount "40"]
[EventDate "2009.??.??"]

1. f4 d5 2. Nf3 c5 3. e3 Nf6 4. Be2 Nc6 5. O-O Bf5 6. d3 Qc7 7. Nbd2 e5 8. Nh4
Bd7 9. f5 O-O-O 10. e4 dxe4 11. dxe4 Nd4 12. Bd3 Be7 13. c3 Bb5 14. Bxb5 Nxb5
15. Qe2 Nd6 16. Nhf3 c4 17. Nxe5 Qc5+ 18. Qf2 Qxe5 19. Qxa7 Ng4 20. Nxc4 Qxh2#
0-1

[Event "Mechanics' Fall TNM; 30/90, SD/30"]
[Site "San Francisco"]
[Date "2009.12.01"]
[Round "7.22"]
[White "Morgan, Jerry"]
[Black "Macintyre, Brendan"]
[Result "0-1"]
[WhiteElo "1481"]
[BlackElo "1667"]
[PlyCount "48"]
[EventDate "2009.??.??"]

1. f4 b6 2. e4 Bb7 3. d3 e6 4. c3 d5 5. Qc2 dxe4 6. dxe4 Nf6 7. Bd3 Bc5 8. Qe2
a5 9. Be3 Nbd7 10. Nd2 O-O 11. h3 Bxe3 12. Qxe3 e5 13. g3 Re8 14. f5 Nc5 15.
Bc2 Ba6 16. O-O-O Bd3 17. g4 Bxc2 18. Kxc2 Qd7 19. Ne2 Qa4+ 20. Kb1 Rad8 21. b3
Qc6 22. Ng3 Rd3 23. Qe1 Red8 24. Kc2 Ncxe4 {Black won in 45 moves.} 0-1

[Event "Mechanics' Fall TNM; 30/90, SD/30"]
[Site "San Francisco"]
[Date "2009.12.08"]
[Round "8.25"]
[White "Morgan, Jerry"]
[Black "Nelson, Christopher"]
[Result "0-1"]
[WhiteElo "1481"]
[BlackElo "1588"]
[PlyCount "68"]
[EventDate "2009.??.??"]

1. c4 f5 2. Nc3 Nf6 3. g3 e6 4. Bg2 Bb4 5. Nb5 a6 6. Nd4 O-O 7. a3 Bc5 8. Ngf3
d6 9. b4 Ba7 10. Bb2 e5 11. Nb3 Qe8 12. Qc2 Ng4 13. c5 Nc6 14. h3 Nf6 15. Ng5
d5 16. Nf3 h6 17. d3 Bd7 18. O-O-O Qe7 19. Nh4 Qf7 20. Nf3 Rae8 21. Nfd2 Nd4
22. Nxd4 exd4 23. Nf3 b6 24. Bxd4 bxc5 25. Bxc5 Bxc5 26. bxc5 d4 27. c6 Be6 28.
Qc5 Rb8 29. Ne5 Qh5 30. Bf3 Qg5+ 31. Kc2 Bb3+ 32. Kb2 Bxd1+ 33. Ka2 Qd2+ 34.
Ka1 Qb2# 0-1

[Event "Mechanics' Spring TNM; 30/90, SD/30"]
[Site "San Francisco"]
[Date "2009.03.24"]
[Round "2.20"]
[White "Morgan, Jerry"]
[Black "Oca, Homer"]
[Result "0-1"]
[WhiteElo "1420"]
[BlackElo "1753"]
[PlyCount "70"]
[EventDate "2009.??.??"]

1. f4 a6 2. Nf3 h6 3. e4 e6 4. Be2 g5 5. d4 g4 6. Ne5 h5 7. Nc3 d6 8. Nd3 Nc6
9. Be3 Bg7 10. e5 dxe5 11. dxe5 Nge7 12. Qd2 Nf5 13. O-O-O Nxe3 14. Qxe3 Qd4
15. Qxd4 Nxd4 16. Rhe1 Nxe2+ 17. Rxe2 b6 18. Nf2 f5 19. Red2 h4 20. Rd8+ Ke7
21. Rxh8 Bxh8 22. g3 Bg7 23. Nd3 Bb7 24. Ne2 Bf3 25. Rd2 Rh8 26. Nd4 Bb7 27.
Nb4 hxg3 28. Ndc6+ Ke8 29. Rd8+ Kf7 30. Rxh8 g2 31. Nd8+ Kg6 32. Rg8 g1=Q+ 33.
Kd2 Qxh2+ 34. Kc3 Qxf4 35. Rxg7+ Kh6 0-1

[Event "Mechanics' Wilkerson Mem TNM; 30/90, SD"]
[Site "San Francisco"]
[Date "2009.08.25"]
[Round "4.25"]
[White "Morgan, Jerry"]
[Black "Rosenstein, Perry"]
[Result "0-1"]
[WhiteElo "1414"]
[BlackElo "1334"]
[PlyCount "68"]
[EventDate "2009.??.??"]

1. f4 d5 2. Nf3 c5 3. e3 Nc6 4. Bb5 a6 5. Bxc6+ bxc6 6. Ne5 Qc7 7. O-O Nf6 8.
b3 h5 9. Bb2 Ng4 10. Qe1 Bf5 11. d3 e6 12. Nd2 f6 13. Nef3 Bd6 14. Nh4 O-O-O
15. Nxf5 exf5 16. h3 Nh6 17. c4 d4 18. exd4 Bxf4 19. Nf3 Rde8 20. Qc3 Be3+ 21.
Kh1 Ng4 22. Rae1 Nf2+ 23. Rxf2 Bxf2 24. Rxe8+ Rxe8 25. dxc5 Bxc5 26. d4 Bd6 27.
Qd3 g6 28. c5 Bg3 29. Qxa6+ Kd7 30. Qc4 Qa5 31. b4 Qa4 32. Qb3 Qxb3 33. axb3
Re2 34. Bc1 Rc2 0-1

[Event "Mechanics' Winter TNM; 30/90, SD/30"]
[Site "San Francisco"]
[Date "2009.01.20"]
[Round "3.17"]
[White "Morgan, Jerry"]
[Black "Russell, Joe"]
[Result "0-1"]
[WhiteElo "1393"]
[BlackElo "1831"]
[PlyCount "94"]
[EventDate "2009.??.??"]

1. f4 d5 2. Nf3 f5 3. e3 Nf6 4. b3 e6 5. Bb2 Bd6 6. Be2 O-O 7. O-O Qe7 8. Qe1
Bd7 9. a3 Be8 10. Nd4 a6 11. Qh4 c5 12. Nf3 Nc6 13. Ne5 Qc7 14. d4 cxd4 15.
exd4 Ne4 16. c3 Bxe5 17. fxe5 Qb6 18. Bd1 Nxe5 19. Qh3 Nd7 20. Bc1 Bg6 21. Ra2
Rae8 22. Qd3 e5 23. Kh1 exd4 24. c4 dxc4 25. bxc4 Ne5 26. Qb3 Qxb3 27. Bxb3
Nxc4 28. Nd2 Nexd2 29. Rxd2 Bf7 30. Rxd4 Ne5 31. Bxf7+ Rxf7 32. Bd2 Nc6 33. Rc4
Rd8 34. Bc3 Rfd7 35. Rcf4 g6 36. Bf6 Re8 37. Kg1 Re2 38. R4f2 Red2 39. Bc3 Rxf2
40. Rxf2 Rd1+ 41. Rf1 Rxf1+ 42. Kxf1 Kf7 43. Ke2 Ke6 44. Kd3 Kd5 45. g3 b5 46.
Bb4 Nxb4+ 47. axb4 g5 0-1

[Event "Mechanics' Fall TNM; 30/90, SD/30"]
[Site "San Francisco"]
[Date "2009.11.10"]
[Round "4.22"]
[White "Morgan, Jerry"]
[Black "Standen, Julian"]
[Result "1-0"]
[WhiteElo "1481"]
[BlackElo "1716"]
[PlyCount "87"]
[EventDate "2009.??.??"]

1. f4 d5 2. Nf3 Nf6 3. e3 Bg4 4. h3 Bxf3 5. Qxf3 Nbd7 6. g4 e5 7. g5 e4 8. Qe2
Ng8 9. Qb5 c6 10. Qxb7 Qc8 11. Qxc8+ Rxc8 12. b3 h6 13. Rg1 hxg5 14. Rxg5 g6
15. Bb2 Rh4 16. Rg4 Rh6 17. Nc3 Ngf6 18. Rg5 Be7 19. O-O-O Nh5 20. Rg2 Nhf6 21.
Ne2 Nb6 22. Be5 Nfd7 23. Bg7 Rh5 24. Bb2 a5 25. Rg4 Nf6 26. Rg5 Rh7 27. f5 gxf5
28. Rxf5 Nbd7 29. Nf4 Kd8 30. Be2 Kc7 31. Rh1 Rg8 32. Bc3 Kb6 33. Bd4+ Kc7 34.
c4 Ne8 35. cxd5 Nd6 36. Be5 Nxe5 37. Rxe5 Bf6 38. Rh5 Rhg7 39. Bg4 c5 40. Kb1
Kb6 41. Rc1 Nb5 42. a4 Be7 43. axb5 Kxb5 44. Rc4 1-0

[Event "Mechanics' Winter TNM; 30/90, SD/30"]
[Site "San Francisco"]
[Date "2009.01.13"]
[Round "2.18"]
[White "Naroditsky, Alan"]
[Black "Mar, Henry"]
[Result "1-0"]
[WhiteElo "2052"]
[BlackElo "1500"]
[PlyCount "59"]
[EventDate "2009.??.??"]

1. e4 c5 2. Nc3 d6 3. g3 Nf6 4. Bg2 Nc6 5. d3 g6 6. h3 Bg7 7. Be3 O-O 8. Qd2
Bd7 9. f4 e6 10. Nge2 Qb6 11. O-O a6 12. a3 Qc7 13. g4 b6 14. f5 Ne8 15. Rf2
Ra7 16. Raf1 Ne5 17. f6 Nxf6 18. Rxf6 Bxf6 19. Rxf6 Kh8 20. Bf4 Be8 21. Bg5 Nd7
22. Nd1 Ne5 23. Rf1 Nd7 24. Qc3+ e5 25. Nf4 Qc8 26. Be7 Rg8 27. Nd5 h6 28. Bxd6
Rg7 29. Bxe5 Nxe5 30. Qxe5 {Black's flag fell.} 1-0

[Event "Mechanics' Winter TNM; 30/90, SD/30"]
[Site "San Francisco"]
[Date "2009.02.10"]
[Round "6.5"]
[White "Naroditsky, Alan"]
[Black "Periwal, Prashant"]
[Result "1-0"]
[WhiteElo "2052"]
[BlackElo "1869"]
[PlyCount "65"]
[EventDate "2009.??.??"]

1. e4 c5 2. Nc3 Nc6 3. g3 e5 4. Bg2 Nf6 5. d3 d6 6. f4 Bg4 7. Nf3 h5 8. h3 Bxf3
9. Bxf3 Nd4 10. fxe5 Nxf3+ 11. Qxf3 dxe5 12. O-O Qd7 13. Kg2 Rc8 14. Bg5 Rc6
15. Qf5 Re6 16. Bxf6 gxf6 17. Nd5 Rh6 18. Rf2 Bg7 19. Raf1 Rc6 20. Qf3 h4 21.
g4 Rg6 22. Qe2 Rd6 23. Rf5 Qc6 24. R1f3 Bh6 25. Qf2 Bg5 26. c4 Re6 27. b4 b6
28. b5 Qd6 29. a4 Kf8 30. Qa2 Qd8 31. Rf1 Rg8 32. Qf2 Kg7 33. Rxg5+ 1-0

[Event "Mechanics' Spring TNM; 30/90, SD/30"]
[Site "San Francisco"]
[Date "2009.03.31"]
[Round "3.8"]
[White "Naroditsky, Alan"]
[Black "Periwal, Prashant"]
[Result "1-0"]
[WhiteElo "2025"]
[BlackElo "1860"]
[PlyCount "77"]
[EventDate "2009.??.??"]

1. e4 e6 2. d3 c6 3. Nd2 d5 4. Ngf3 Bc5 5. g3 Nf6 6. Bg2 dxe4 7. dxe4 Ng4 8.
O-O O-O 9. h3 Nf6 10. e5 Nd5 11. Ne4 Be7 12. Qe2 b5 13. Rd1 Nd7 14. c4 bxc4 15.
Qxc4 Qc7 16. Nc3 Nb4 17. Bg5 Bxg5 18. Nxg5 Rb8 19. Qe4 g6 20. Qh4 h5 21. f4 Nd5
22. Rd2 Ne3 23. Nge4 Qb6 24. Kh1 Kg7 25. Bf3 Qd8 26. Qxd8 Rxd8 27. Nf6 Nd5 28.
Nxd7 Rxd7 29. Ne4 Ne3 30. Nd6 Rc7 31. Ne8+ Kf8 32. Nxc7 Ke7 33. Bxc6 Rb4 34.
Rc1 Nc4 35. Rdc2 Nxb2 36. Rb1 Nd3 37. Rxb4 Nxb4 38. Rc4 a5 39. a3 1-0

[Event "Mechanics' Winter TNM; 30/90, SD/30"]
[Site "San Francisco"]
[Date "2009.02.17"]
[Round "7.3"]
[White "Naroditsky, Alan"]
[Black "Sandberg, Evan"]
[Result "1/2-1/2"]
[WhiteElo "2052"]
[BlackElo "1998"]
[PlyCount "67"]
[EventDate "2009.??.??"]

1. e4 c5 2. Nc3 Nc6 3. g3 g6 4. Bg2 Bg7 5. d3 d6 6. Be3 Rb8 7. Qd2 b5 8. Nge2
b4 9. Nd1 Nd4 10. O-O a5 11. Nc1 e6 12. c3 bxc3 13. bxc3 Nb5 14. a4 Nc7 15. d4
Ba6 16. Re1 c4 17. d5 Ne7 18. Bh6 O-O 19. Bxg7 Kxg7 20. Ne3 e5 21. f4 f6 22.
Bf1 Qc8 23. Qa2 Na8 24. Bxc4 Bxc4 25. Qxc4 exf4 26. gxf4 Qh3 27. Qf1 Qxf1+ 28.
Kxf1 Rfc8 29. Ne2 Nb6 30. Nd4 Nc4 31. Nxc4 Rxc4 32. Nb5 Rd8 33. Kg2 Nc8 34. Nd4
1/2-1/2

[Event "Mechanics' Spring TNM; 30/90, SD/30"]
[Site "San Francisco"]
[Date "2009.04.28"]
[Round "7.2"]
[White "Naroditsky, Alan"]
[Black "Shakhnazarov, Oleg"]
[Result "1/2-1/2"]
[WhiteElo "2025"]
[BlackElo "2178"]
[PlyCount "79"]
[EventDate "2009.??.??"]

1. e4 c5 2. Nc3 e6 3. Nge2 a6 4. g3 Be7 5. Bg2 Nc6 6. f4 d6 7. O-O h5 8. h3 Nd4
9. d3 Bf6 10. Be3 Ne7 11. Qd2 Nec6 12. Rae1 Bd7 13. Nd1 e5 14. c3 Nxe2+ 15.
Rxe2 Qa5 16. a3 O-O-O 17. Qc1 Qc7 18. b4 Ne7 19. Nb2 Be6 20. Qd2 Qd7 21. f5 Bb3
22. bxc5 d5 23. c4 dxe4 24. Bxe4 Nc6 25. Bxc6 Qxc6 26. Qb4 Ba2 27. Nd1 Rxd3 28.
Rxa2 Rhd8 29. Rd2 Qe4 30. Rxd3 Rxd3 31. Qb1 Bg5 32. Re1 Bxe3+ 33. Nxe3 Qd4 34.
Qc1 Rc3 35. Qb1 Rxe3 36. Rxe3 Qxe3+ 37. Kg2 Qe2+ 38. Kg1 Qxc4 39. Qb6 Qd4+ 40.
Kg2 {Black was low on time.} 1/2-1/2

[Event "Mechanics' Spring TNM; 30/90, SD/30"]
[Site "San Francisco"]
[Date "2009.04.14"]
[Round "5.8"]
[White "Naroditsky, Alan"]
[Black "Smelansky, Vadim"]
[Result "1-0"]
[WhiteElo "2025"]
[BlackElo "1798"]
[PlyCount "65"]
[EventDate "2009.??.??"]

1. e4 d5 2. exd5 Nf6 3. Bb5+ Bd7 4. Be2 Nxd5 5. d4 Bf5 6. a3 c6 7. Nf3 e6 8. c4
Nb6 9. Nc3 Be7 10. O-O Bf6 11. Be3 O-O 12. b4 Qe7 13. Qb3 Rd8 14. Rad1 h6 15.
Ne5 N8d7 16. f4 Bh7 17. Bf3 Bxe5 18. fxe5 Nf8 19. Ne4 Nc8 20. Nc5 Ng6 21. g3 a6
22. a4 Qc7 23. a5 Nce7 24. Be4 Rf8 25. Qc2 Nf5 26. Bf2 Rfe8 27. g4 Nfe7 28. Be3
Rf8 29. h4 Kh8 30. h5 Nxe5 31. dxe5 Qxe5 32. Bf4 Bxe4 33. Nxe4 1-0

[Event "Mechanics' Winter TNM; 30/90, SD/30"]
[Site "San Francisco"]
[Date "2009.01.27"]
[Round "4.6"]
[White "Naroditsky, Alan"]
[Black "Todortsev, Victor"]
[Result "1-0"]
[WhiteElo "2052"]
[BlackElo "1921"]
[PlyCount "65"]
[EventDate "2009.??.??"]

1. e4 e5 2. Nf3 Nc6 3. Bb5 a6 4. Ba4 d6 5. c3 Nf6 6. d3 g6 7. O-O Bg7 8. Nbd2
O-O 9. Re1 Bg4 10. h3 Bd7 11. Nf1 Nh5 12. Bb3 h6 13. Be3 g5 14. Nxg5 Nf4 15.
Nf3 Kh8 16. Ng3 f5 17. Bxf4 exf4 18. Nh5 fxe4 19. Rxe4 Ne5 20. Nxe5 Bxe5 21. d4
Bc6 22. dxe5 Bxe4 23. Qd4 c5 24. Qxe4 Qg5 25. Nf6 Qg7 26. Rd1 Rad8 27. Bc2 dxe5
28. Rxd8 Rxd8 29. Nh5 Qe7 30. Nxf4 Qg7 31. Ng6+ Kg8 32. Bb3+ Kh7 33. Nxe5+ 1-0